| 000 | 01012cam a22002895i 4500 | ||
|---|---|---|---|
| 001 | 21448645 | ||
| 003 | NUST | ||
| 005 | 20221110114729.0 | ||
| 008 | 200226s2016 pk a d 000 0 eng | ||
| 010 | _a 2020373022 | ||
| 020 | _a9789696371823 | ||
| 037 | _bLibrary of Congress -- Islamabad Overseas Office | ||
| 082 | _a423,JAV | ||
| 100 | 1 |
_aJaved, Syed Hasan, _d1955- _eauthor. _981282 |
|
| 245 | 1 | 0 |
_aParamount Chinese-English-Urdu dictionary / _cSyed Hasan Javed |
| 246 | 3 | 0 | _6880-01 |
| 250 | _aFirst edition. | ||
| 264 | 1 |
_aKarachi: _bParamount Books, _c2016. |
|
| 300 |
_axiv, 504 pages : _billustration ; _c23 cm |
||
| 336 |
_atext _btxt _2rdacontent |
||
| 337 |
_aunmediated _bn _2rdamedia |
||
| 338 |
_avolume _bnc _2rdacarrier |
||
| 505 | _a"A book of Chinese words, phrases, idioms and wisdom in simple and common use characters". | ||
| 546 | _aIn English Chinese and Urdu. | ||
| 880 | 3 | 0 |
_6246-01/(4/r _aپيراماؤنٹ چينى - انگريزى - اردو لغت |
| 942 |
_2ddc _cBK |
||
| 999 |
_c592276 _d592276 |
||